Wild edible fungi : A global overview of their use and importance to people
Gardado en:
| Autor Principal: | |
|---|---|
| Formato: | Libro |
| Idioma: | Undetermined |
| Publicado: |
Rome
FAO
2004
|
| Những chủ đề: | |
| Các nhãn: |
Engadir etiqueta
Sen Etiquetas, Sexa o primeiro en etiquetar este rexistro!
|
| Thư viện lưu trữ: | Trung tâm Học liệu Trường Đại học Cần Thơ |
|---|
| LEADER | 00530nam a2200193Ia 4500 | ||
|---|---|---|---|
| 001 | CTU_76220 | ||
| 008 | 210402s9999 xx 000 0 und d | ||
| 082 | |a 635.8 | ||
| 082 | |b B662 | ||
| 100 | |a Boa, Eric | ||
| 245 | 0 | |a Wild edible fungi : | |
| 245 | 2 | |b A global overview of their use and importance to people | |
| 245 | 0 | |c Eric Boa | |
| 260 | |a Rome | ||
| 260 | |b FAO | ||
| 260 | |c 2004 | ||
| 650 | |a Mushrooms, edible,Mushroom culture | ||
| 904 | |i Mai Loan,Hải | ||
| 980 | |a Trung tâm Học liệu Trường Đại học Cần Thơ | ||